A Cultural History of Twin Beds (Record no. 43705)

MARC details
000 -LEADER
fixed length control field 00916nam a2200229Ia 4500
000 - LEADER
fixed length control field 01059naaa 00229uu
001 - CONTROL NUMBER
control field https://directory.doabooks.org/handle/20.500.12854/44361
005 - DATE AND TIME OF LATEST TRANSACTION
control field 20260218105452.0
008 - FIXED-LENGTH DATA ELEMENTS--GENERAL INFORMATION
fixed length control field 211013s9999 xx 000 0 und d
020 ## - INTERNATIONAL STANDARD BOOK NUMBER
International Standard Book Number 9781350045453
024 ## - OTHER STANDARD IDENTIFIER
Standard number or code 10.5040/9781350045453
042 ## - AUTHENTICATION CODE
Authentication code dc
245 #2 - TITLE STATEMENT
Title A Cultural History of Twin Beds
260 ## - PUBLICATION, DISTRIBUTION, ETC.
Name of publisher, distributor, etc. Bloomsbury Academic
Date of publication, distribution, etc. 2019
300 ## - PHYSICAL DESCRIPTION
Extent 1 electronic resource (296 p.)
520 ## - SUMMARY, ETC.
Summary, etc. Through tracing the history of twin beds, this book reveals unexpected perspectives on the social and sexual mores of late 19th- and 20th Britain.
540 ## - TERMS GOVERNING USE AND REPRODUCTION NOTE
Terms governing use and reproduction Creative Commons
700 1# - ADDED ENTRY--PERSONAL NAME
Personal name Hilary Hinds
856 ## - ELECTRONIC LOCATION AND ACCESS
Uniform Resource Identifier <a href="https://docs.google.com/spreadsheets/d/1yKIrdCPDAG_9c22mwoOIO2DOhtj65Wqa/edit?usp=sharing&ouid=106555315294820607512&rtpof=true&sd=true ">https://docs.google.com/spreadsheets/d/1yKIrdCPDAG_9c22mwoOIO2DOhtj65Wqa/edit?usp=sharing&ouid=106555315294820607512&rtpof=true&sd=true </a>
Link text List of Curated E-Books
942 ## - ADDED ENTRY ELEMENTS (KOHA)
Koha item type E-Book
Holdings
Withdrawn status Source of classification or shelving scheme Damaged status Not for loan Home library Current library Date acquired Total Checkouts Date last seen Price effective from Koha item type
  Library of Congress Classification   Not For Loan Directory of Open Access Books Directory of Open Access Books 12/22/2021   12/22/2021 12/22/2021 E-Book

University of Rizal System
Email us at univlibservices@urs.edu.ph

Visit our Website www.urs.edu.ph/library